| 000 | 02211nam0a2200397 4500 | ||
|---|---|---|---|
| 001 | RU\NLR\bibl\1449259 | ||
| 005 | 20260407212351.0 | ||
| 010 |
_a978-5-7035-2088-8 _9400 |
||
| 021 |
_aRU _b2009-70234 _94351 |
||
| 035 | _a(nilc)RSL-KNO-004379051 | ||
| 035 | _a(NLR Aleph) 001441086 | ||
| 090 |
_a1463417 _c1463417 |
||
| 100 | _a20090827d2009 |||y0rusy50 ca | ||
| 101 | 0 |
_arus _aeng |
|
| 102 | _aRU | ||
| 105 | _aa ||||| | ||
| 200 | 1 |
_aМатериалы XVI Международной конференции по вычислительной механике и современным прикладным программным системам. ВМСППС'2009, 25-31 мая 2009 г., Алушта _dProceedings of the XVI International conference on computational mechanics and modern applied software systems. CMMASS'2009, 25-31 May, 2009, Alushta _zeng |
|
| 210 |
_aМосква _cИзд-во МАИ-ПРИНТ _d2009 |
||
| 215 |
_a798 с. _cил., табл. _d21 |
||
| 300 | _aЧасть текста на англ. яз. | ||
| 313 | _aПо пред. конф-м | ||
| 320 | _aБиблиогр. в конце докл. | ||
| 510 | 1 |
_6z01791 _aProceedings of the XVI International conference on computational mechanics and modern applied software systems. CMMASS'2009, 25-31 May, 2009, Alushta _zeng |
|
| 606 | 1 |
_aМеханика _jСъезды, совещания и т.п. _xЗадачи _xРешение на компьютерах _92175080 _3RU\NLR\auth\661308176 |
|
| 686 |
_aВ2с31я431(0) _2rubbk |
||
| 686 |
_aЗ973.2-018я431(0) _2rubbk |
||
| 686 | _aВ2с116я431(0) | ||
| 710 | 1 | 2 |
_aМеждународная конференция по вычислительной механике и современным прикладным программным системам _d16 _f2009 _eАлушта _3RU\NLR\AUTH\8810141587 _9777944 |
| 791 | 1 | 2 |
_8eng _aInternational conference on computational mechanics and modern applied software systems _d16 _f2009 _eAlushta _7ba _3RU\NLR\auth\8810141588 _9777947 |
| 801 | 0 |
_aRU _bРКП _c20090827 _grcr |
|
| 801 | 1 |
_aRU _bРГБ _c20090827 |
|
| 801 | 2 |
_aRU _bNLR _c20091207 _grcr |
|
| 942 | _cBOOK | ||
| 980 | _aNB | ||